<?xml version="1.0" encoding="UTF-8"?>
<record
    xmlns:xsi="http://www.w3.org/2001/XMLSchema-instance"
    xsi:schemaLocation="http://www.loc.gov/MARC21/slim http://www.loc.gov/standards/marcxml/schema/MARC21slim.xsd"
    xmlns="http://www.loc.gov/MARC21/slim">

  <leader>02142nam a22001697a 4500</leader>
  <controlfield tag="003">IT-RoPau</controlfield>
  <controlfield tag="005">20220918175943.0</controlfield>
  <controlfield tag="008">130220b        xxu||||| |||| 00| 0 eng d</controlfield>
  <datafield tag="040" ind1=" " ind2=" ">
    <subfield code="c">IT-RoPau</subfield>
  </datafield>
  <datafield tag="245" ind1=" " ind2=" ">
    <subfield code="a">La Palabra de Dios en el P. Alberione.</subfield>
    <subfield code="b">Actas del IX Encuentro de Los Gobiernos Generales de la Familia Paulina. Ariccia 16-21 febrero 1991 </subfield>
  </datafield>
  <datafield tag="250" ind1=" " ind2=" ">
    <subfield code="a">I</subfield>
  </datafield>
  <datafield tag="260" ind1=" " ind2=" ">
    <subfield code="a">Roma</subfield>
    <subfield code="b">Casa General SSP</subfield>
    <subfield code="c">1991</subfield>
  </datafield>
  <datafield tag="300" ind1=" " ind2=" ">
    <subfield code="a">142 pp.</subfield>
    <subfield code="c">28,5 cm</subfield>
  </datafield>
  <datafield tag="490" ind1=" " ind2=" ">
    <subfield code="v">I</subfield>
  </datafield>
  <datafield tag="520" ind1=" " ind2=" ">
    <subfield code="a">Indice

Presentaci&#xF3;n, del P. Renato Perino, Superior general ssp

Diario del IX Encuentro de los Gobiernos Generales de la Familia Paulina (1991), del P. Luis Giovannini ssp
Lista de participantes
Composici&#xF3;n de los grupos de trabajo
Programa
Diario del Encuentro

P. Guido Gandolfo, Las &lt;&lt;Jornadas paulinas de espiritualidad b&#xED;blica&gt;&gt;
I. El Patrimonio recibido
II. Los fundamentos escritur&#xED;sticos
III. Nuestra aportaci&#xF3;n, hoy

P. Luis Giovannini, La formaci&#xF3;n b&#xED;blica del P. Alberione
Premisa: dos objectivos
Fuentes y bibliograf&#xED;a espec&#xED;fica y general
I. Etapas de la La formaci&#xF3;n b del P.  Santiago Alberione
II. Biblia y movimiento b&#xED;blico al comienzo de 1990

P. Angel Colacrai, Textos y refleciones sobre &lt;&lt;paulinidad&gt;&gt;
A. Alberione y Pablo
B. Alberione, Pablo y Cristo
C. Una reflexi&#xF3;n sobre los textos

Hna. Elena Bosetti, La dimensi&#xF3;n pastoral de la Familia Paulina - Las ra&#xED;ces b&#xED;blicas
I. Istancia pastoral del P. Alberione y de la Familia Paulina
II. Las ra&#xED;ces b&#xED;blicas: Jesus Pastor Camino, Verdad y Vida
III. Un exemplo de lectura prof&#xE9;tica de la Sagrada Escritura:
     el encargo de 1 Pt 5,2 a las mujeres

Mons. Gianfranco Ravasi, La Biblia en la Iglesia
          desde la "Dei Verbum" hosta hoy
I. Balance de la ex&#xE9;getis contemporanea
II. Criterios de historicidad de los Evangelios
III. El lenguage b&#xED;blico:
&#xBF;qu&#xE9; paradigma usar para comunicar la Palabra?
IV. La teolog&#xED;a b&#xED;blica

Evaluaci&#xF3;n de los compromisos asumidos por los Gobiernos Generales de la Familia Paulina al final del Encuentro 1990

Evaluaci&#xF3;n conclusiva del IX Encuentro
y programaci&#xF3;n del X Encontro (1992)

Carta-mensaje conclusivo</subfield>
  </datafield>
  <datafield tag="942" ind1=" " ind2=" ">
    <subfield code="2">ddc</subfield>
    <subfield code="c">BK</subfield>
  </datafield>
  <datafield tag="999" ind1=" " ind2=" ">
    <subfield code="c">38135</subfield>
    <subfield code="d">38135</subfield>
  </datafield>
  <datafield tag="952" ind1=" " ind2=" ">
    <subfield code="0">0</subfield>
    <subfield code="1">0</subfield>
    <subfield code="2">ddc</subfield>
    <subfield code="4">0</subfield>
    <subfield code="6">P_C2</subfield>
    <subfield code="7">1</subfield>
    <subfield code="a">PAULUS</subfield>
    <subfield code="b">PAULUS</subfield>
    <subfield code="d">2013-02-20</subfield>
    <subfield code="l">0</subfield>
    <subfield code="o">P C2</subfield>
    <subfield code="r">2013-02-20 00:00:00</subfield>
    <subfield code="w">2013-02-20</subfield>
    <subfield code="y">BK</subfield>
  </datafield>
  <datafield tag="952" ind1=" " ind2=" ">
    <subfield code="0">0</subfield>
    <subfield code="1">0</subfield>
    <subfield code="2">ddc</subfield>
    <subfield code="4">0</subfield>
    <subfield code="6">P_C2</subfield>
    <subfield code="7">1</subfield>
    <subfield code="a">PAULUS</subfield>
    <subfield code="b">PAULUS</subfield>
    <subfield code="d">2013-02-20</subfield>
    <subfield code="l">0</subfield>
    <subfield code="o">P C2</subfield>
    <subfield code="r">2013-02-20 00:00:00</subfield>
    <subfield code="w">2013-02-20</subfield>
    <subfield code="y">BK</subfield>
  </datafield>
</record>
